Statistics for This or That? Country Capital

Click here to take the quiz!

General Stats

  • This quiz has been taken 56 times
    (30 since last reset)
  • The average score is 10 of 12

Answer Stats

QuestionAnswer% Correct
LebanonBeirut
100%
DenmarkCopenhagen
100%
SwedenStockholm
100%
AustraliaCanberra
96%
PeruLima
96%
BrazilBrasília
92%
AlgeriaAlgiers
88%
Saint LuciaCastries
81%
PalauNgerulmud
81%
HondurasTegucigalpa
69%
MyanmarNaypyidaw
65%
Cape VerdePraia
62%

Score Distribution

Percentile by Number Answered

Percent of People with Each Score

Your Score History

You have not taken this quiz since the last reset